Logo CIB grande

UML Y PATRONES: INTRODUCCION AL ANALISIS Y DISEÑO ORIENTADO A OBJETOS (Registro nro. 215508)

Detalles MARC
000 -LEADER
campo de control de longitud fija 00933nam a2200253Ia 4500
005 - FECHA Y HORA DE LA ÚLTIMA TRANSACCIÓN
campo de control 20250425161745.0
008 - DATOS DE LONGITUD FIJA--INFORMACIÓN GENERAL
campo de control de longitud fija 250425s9999 xx 000 0 und d
020 ## - NÚMERO INTERNACIONAL ESTÁNDAR DEL LIBRO
Número Internacional Estándar del Libro 9701702611
041 ## - CÓDIGO DE IDIOMA
Código de lengua del texto/banda sonora o título independiente spa
082 ## - NÚMERO DE LA CLASIFICACIÓN DECIMAL DEWEY
Número de clasificación 005.1
010 ## - NÚMERO DE CONTROL DE LA BIBLIOTECA DEL CONGRESO
Número de control de LC 27931
100 ## - ENTRADA PRINCIPAL--NOMBRE DE PERSONA
Nombre de persona LARMAN, CRAIG
245 #0 - MENCIÓN DEL TÍTULO
Título UML Y PATRONES: INTRODUCCION AL ANALISIS Y DISEÑO ORIENTADO A OBJETOS
250 ## - MENCION DE EDICION
Mención de edición 1A ED.
260 ## - PUBLICACIÓN, DISTRIBUCIÓN, ETC.
Lugar de publicación, distribución, etc. MEXICO
260 ## - PUBLICACIÓN, DISTRIBUCIÓN, ETC.
Lugar de publicación, distribución, etc. México
Nombre del editor, distribuidor, etc. PRENTICE HALL
Fecha de publicación, distribución, etc. 1999
300 ## - DESCRIPCIÓN FÍSICA
Extensión 507
520 ## - RESUMEN, ETC.
Sumario, etc. ESTE LIBRO OFRECE A ESTUDIANTES Y DISEÑADORES UNA GUIA DETALLADA DE ACTIVIDADES QUE LOS CONDUCEN GRADUALMENTE A TRAVES DE LOS REQUERIMIENTOS, EL ANALISIS, EL DISEÑO Y LA CODIFICACION. EN LA FASE DE DISEÑO, SE PONE DE RELIEVE LAS HABILIDADES PRINCIPALES QU
650 ## - PUNTO DE ACCESO ADICIONAL DE MATERIA--TÉRMINO DE MATERIA
Término de materia o nombre geográfico como elemento de entrada DISEÑO DE SISTEMAS
650 ## - PUNTO DE ACCESO ADICIONAL DE MATERIA--TÉRMINO DE MATERIA
Término de materia o nombre geográfico como elemento de entrada INGENIERIA DE SOFTWARE
650 ## - PUNTO DE ACCESO ADICIONAL DE MATERIA--TÉRMINO DE MATERIA
Término de materia o nombre geográfico como elemento de entrada PROGRAMACION ORIENTADA A OBJETOS
700 ## - ENTRADA AGREGADA--NOMBRE PERSONAL
Nombre de persona LUZ MARIA HERNANDEZ RODRIGUEZ
Término indicativo de función/relación traductor
942 ## - ELEMENTOS DE ENTRADA SECUNDARIOS (KOHA)
Tipo de ítem Koha Libros
Existencias
Estatus retirado Estado de pérdida Fuente de la clasificación o esquema de estantería Estado de daño No para préstamo Biblioteca de origen Biblioteca actual Ubicación en estantería Fecha de adquisición Coste, precio normal de compra Etiqueta RFID Total de préstamos Código de barras Copia número Tipo de ítem Koha
    Clasificación Decimal Dewey     CENTRO DE INFORMACIÓN BIBLIOTECARIA CENTRO DE INFORMACIÓN BIBLIOTECARIA   16/06/2004 19.00 0000000000000000002265   44810 5 Libros

Copyright 2025 ESPOL. Todos los derechos reservados.